ბათუმის შოთა რუსთაველის სახელმწიფო უნივერსიტეტის ბიბლიოთეკა

Human Resource Management: (ბიბ.ჩანაწერი № 58741)

000 -LEADER
fixed length control field 00707nam a22002057a 4500
005 - DATE AND TIME OF LATEST TRANSACTION
control field 20220712153023.0
008 - FIXED-LENGTH DATA ELEMENTS--GENERAL INFORMATION
fixed length control field 220712s2019en xxu||||| |||| 00| 0 eng d
020 ## - INTERNATIONAL STANDARD BOOK NUMBER
International Standard Book Number 9781506360348
041 ## - LANGUAGE CODE
Language code of text/sound track or separate title eng
080 ## - UNIVERSAL DECIMAL CLASSIFICATION NUMBER
Universal Decimal Classification number 005.95/96 L-96
100 ## - MAIN ENTRY--PERSONAL NAME
Personal name Lussier, Robert N
9 (RLIN) 14374
245 ## - TITLE STATEMENT
Title Human Resource Management:
Remainder of title Functions, Applications, and Skill Development /
Statement of responsibility, etc. Robert N. Lussier, John R Hendon.
250 ## - EDITION STATEMENT
Edition statement 3rd Edition
264 ## - PRODUCTION, PUBLICATION, DISTRIBUTION, MANUFACTURE, AND COPYRIGHT NOTICE
Place of production, publication, distribution, manufacture Los Angeles:
Name of producer, publisher, distributor, manufacturer SAGE,
Date of production, publication, distribution, manufacture, or copyright notice 2019.
300 ## - PHYSICAL DESCRIPTION
Extent 668 p.:
Other physical details 26 cm.
653 ## - INDEX TERM--UNCONTROLLED
keyword Human Resource Management
653 ## - INDEX TERM--UNCONTROLLED
keyword ადამიანური რესურსების მენეჯმენტი
700 ## - ADDED ENTRY--PERSONAL NAME
Personal name Hendon, John R
9 (RLIN) 14375
942 ## - ADDED ENTRY ELEMENTS (KOHA)
Source of classification or shelving scheme
Koha item type წიგნი
ეგზემპლარები
Withdrawn status Lost status Source of classification or shelving scheme Damaged status Not for loan Permanent Location Current Location Shelving location Date acquired Cost, normal purchase price Full call number Barcode Date last seen Copy number Price effective from Koha item type Public note
          ბათუმის შოთა რუსთაველის სახელმწიფო უნივერსიტეტის მთავარი ბიბლიოთეკა ბათუმის შოთა რუსთაველის სახელმწიფო უნივერსიტეტის მთავარი ბიბლიოთეკა წიგნსაცავი 2022-07-12 456.00 005.95/96 L-96 62977 2022-07-12 62977 2022-07-12 წიგნი 456 gel.